El Plan Nacional de Desarrollo 1989-1994 /

Saved in:
Bibliographic Details
Main Author: Fuentes Aguilar, Luis
Format: Text
Tags: Add Tag
No Tags, Be the first to tag this record!

MARC

LEADER 00000 a a2200000 04500
001 45777
003
040 |a CRAI/IIS  |c CRAI/IIS 
100 |a Fuentes Aguilar, Luis  
245 |a El Plan Nacional de Desarrollo 1989-1994 /  |c Luis Fuentes Aguilar  
773 |g número46 (1989), páginas 10-11  
999 |c 18463  |d 18463